000 00685nam a22002057a 4500
003 OSt
005 20250820025108.0
008 250820b |||||||| |||| 00| 0 eng d
020 _a978-971-98-1067-4
040 _aDWC-Main Lib
_cOC
082 _aFil. 004 T247l 2019
100 _aTayuan- Caoili, Ronina R.
245 _aLiving in the information technology era/
_cRonina R. Tayuan- Caoili & Mia Eleazar
260 _aQuezon City, Philippines :
_bC & E Publishing,
_cc2019.
300 _axi, 231 pages :
_billustrations ;
_c22cm.
504 _aIncludes bibliography and index.
650 _a1. Information technology.
700 _aEleazar, Mia
942 _2ddc
_cBK - FIL
_kFil.
_n0
999 _c4099
_d4099